000 01463nam2a2200313 4500
001 RU\NLR\BIBL_A\011326013
005 20250806210327.0
035 _a(NLR Aleph) 011326013
090 _a59776
_c59776
100 _a20250806 rusy50
101 0 _arus
102 _aRU
135 _acrgn 008anaba
200 0 _a1943, 14 мая
210 _d1943
325 1 _aКопия доступна в электронной библиотеке РНБ
461 0 _1001RU\NLR\BIBL_A\010704084
_12001#$aБольшевистский агитатор$eоднодневная газета Октябрьского РК ВКП (б) и исполкома районного Совета депутатов трудящихся$v1943, 14 мая
852 _aNLR
_jОдн1943/7
856 0 _uhttp://vivaldi.nlr.ru/pn000150860/view
856 1 _uhttp://vivaldi.nlr.ru/pn000150860/cover
856 2 _uhttp://vivaldi.nlr.ru/pn000150860/text
901 _eГазеты
942 _cISSNP
945 _aРоссийская национальная библиотека
980 _aNB
980 _aBV
981 3 7 _a(37) Ленинград в Великой Отечественной войне
_b(37) Газеты блокадного Ленинграда
981 2 7 _a(27) Периодические издания
_b(27) Газеты